Normal view
MARC view
- Terrorism - Journals, Peace - Journals,
Entry Topical Term
001 - CONTROL NUMBER
- control field: 28587
003 - CONTROL NUMBER IDENTIFIER
- control field: NUST
005 - DATE AND TIME OF LATEST TRANSACTION
- control field: 20200223154056.0
008 - FIXED-LENGTH DATA ELEMENTS
- fixed length control field: 200223|| aca||aabn | a|a d
040 ## - CATALOGING SOURCE
- Original cataloging agency: NUST
- Transcribing agency: NUST
150 ## - HEADING--TOPICAL TERM
- Topical term or geographic name entry element: Terrorism - Journals, Peace - Journals,
670 ## - SOURCE DATA FOUND
- Source citation: Work cat.: (NUST): Pakistan journal of terrorism research /
